| 000 | 00471nam a2200181Ia 4500 | ||
|---|---|---|---|
| 008 | 140306s9999 xx 000 0 und d | ||
| 020 | _a307261050 | ||
| 050 |
_aPS 3503.R82184 _b.B877 2003 |
||
| 100 | _aBrown, Margaret Wise | ||
| 245 |
_aI like stars / _cMargaret Wise Brown |
||
| 260 |
_aUSA : _bScholastic Inc, _cc2003. |
||
| 300 |
_a30 p. : _bcol. Ill. ; _c18 cm. |
||
| 521 | _aG1 | ||
| 526 | _cBR | ||
| 650 |
_aStars _xFiction. |
||
| 942 | _cBK | ||
| 999 |
_c42886 _d42886 |
||